The history of philosophy in Islam, (Record no. 20354)

MARC details
000 -LEADER
fixed length control field 00946cam a22002651 4500
001 - CONTROL NUMBER
control field 1225857
003 - CONTROL NUMBER IDENTIFIER
control field BDDh-ASL
005 - DATE AND TIME OF LATEST TRANSACTION
control field 20231015025858.0
008 - FIXED-LENGTH DATA ELEMENTS--GENERAL INFORMATION
fixed length control field 740801r19611903nyu 000 0 eng
010 ## - LIBRARY OF CONGRESS CONTROL NUMBER
LC control number 66030424
040 ## - CATALOGING SOURCE
Original cataloging agency DLC
Transcribing agency DLC
Modifying agency DLC
-- OCoLC
-- DLC
-- BDDh-ASL
041 1# - LANGUAGE CODE
Language code of text/sound track or separate title engger
050 00 - LIBRARY OF CONGRESS CALL NUMBER
Classification number B741
Item number .B7 1967
082 00 - DEWEY DECIMAL CLASSIFICATION NUMBER
Classification number 297.09
Item number DEH
100 1# - MAIN ENTRY--PERSONAL NAME
Personal name Boer, T. J. de
Fuller form of name (Tjitze J.),
Dates associated with a name 1866-
240 10 - UNIFORM TITLE
Uniform title Geschichte der Philosophie im Islam /
Language of a work English
245 14 - TITLE STATEMENT
Title The history of philosophy in Islam,
Statement of responsibility, etc. by T. J. de Boer. Translated by Edward R. Jones.
260 ## - PUBLICATION, DISTRIBUTION, ETC.
Place of publication, distribution, etc. New York:
Name of publisher, distributor, etc. Dover Publications
Date of publication, distribution, etc. [1961]
300 ## - PHYSICAL DESCRIPTION
Extent xiii, 216 p.
Dimensions 22 cm.
500 ## - GENERAL NOTE
General note "Unabridged and unaltered republication of the work originally published ... in 1903."
500 ## - GENERAL NOTE
General note Translation of Geschichte der Philosophie im Islam.
650 #0 - SUBJECT ADDED ENTRY--TOPICAL TERM
Topical term or geographic name entry element Islamic philosophy
General subdivision History.
906 ## - LOCAL DATA ELEMENT F, LDF (RLIN)
a 7
b cbc
c orignew
d u
e ocip
f 19
g y-gencatlg
942 ## - ADDED ENTRY ELEMENTS (KOHA)
Source of classification or shelving scheme Dewey Decimal Classification
Koha item type Books
Holdings
Withdrawn status Lost status Source of classification or shelving scheme Damaged status Not for loan Collection code Home library Current library Shelving location Date acquired Source of acquisition Total Checkouts Full call number Barcode Date last seen Copy number Price effective from Koha item type
    Dewey Decimal Classification     Non-fiction Asiatic Society Library Asiatic Society Library General Stacks 12/30/2020 ASB Collection   297.09 DEH 103785 12/30/2020 C-1 12/30/2020 Books

Powered by Koha